000
002220000a22000970004500
100
1
_a
Ranney, Stephen L.
245
1
0
_a
Tools for reforestation
300
_a
Núm 13 (1986), Páginas 36-38
773
0
_t
Together
942
_c
ANA
999
_c
56537
_d
56537